Hsmtmts personnages - Statistiques

Statistiques générales
  • Ce quiz a été pris 4 fois
  • Le résultat moyen est 16 sur 24
Statistiques - réponses
Par images Réponse % Correct
Big Red
100%
Carlos
100%
Gina
100%
Miss Jenn
100%
Nini
100%
Seb
100%
Ashlyn
75%
E.J.
75%
Jet
75%
Kourtney
75%
Maddox
75%
Madison
75%
Ricky
75%
Antoine
50%
Benjamin Mazzara
50%
Dani
50%
Emmy
50%
Howie
50%
Lily
50%
Mike
50%
Val
50%
Jack
25%
Jamie
25%
Zack
25%
Aucun quiz correspondant
Distribution des résultats
% des personnes avec chaque résultat
Percentile par nombre de réponses
Votre historique - résultats
Vous n’avez pas pris ce quiz